000 00520 a2200193 4500
020 _a0-8264-6478-5
035 _a(Uk)0826464785
040 _aDLC
_bDLC
082 0 4 _a001.4
100 1 _aBennett, Judith
245 1 0 _aEvaluation methods in research
_cJudith Bennett
260 _aNew York ;
_aLondon :
_bContinuum,
_ccop.2003
300 _a112 s. ;
_c22cm
440 0 _aContinuum research methods
650 0 _aResearch
_xEvaluation
650 0 _aResearch
650 0 _aEvaluation Studies
942 _cBK
_k001.4 BEN
_2ddc
999 _c4908
_d4908